Ktoré značky pozná spotrebiteľ?

Spotrebiteľský prieskum na Slovensku v značkách nápojov, potravín, drogistických a tabakových výrobkov. Najznámenšie značky - Coca-Cola, Vitana, Nivea a Mars.

Guardado en:
Detalles Bibliográficos
Formato: Capítulo de libro
Lenguaje:eslovaco
Materias:
Etiquetas: Agregar Etiqueta
Sin Etiquetas, Sea el primero en etiquetar este registro!

MARC

LEADER 00000naa a2200000 4500
001 r044965
005 20231004093939.5
041 0 |a slo 
044 |a SK 
245 1 0 |a Ktoré značky pozná spotrebiteľ? 
520 |a Spotrebiteľský prieskum na Slovensku v značkách nápojov, potravín, drogistických a tabakových výrobkov. Najznámenšie značky - Coca-Cola, Vitana, Nivea a Mars. 
610 2 0 |a prieskum spotrebiteľský 
610 2 0 |a značky výrobkov 
610 2 0 |a preferencie spotrebiteľské 
610 2 0 |a nápoje nealkoholické 
610 2 0 |a potraviny 
610 2 0 |a výrobky tabakové 
610 2 0 |a kozmetika 
610 2 0 |a Slovensko